000 00688nam a22001937a 4500
003 OSt
005 20180518082554.0
008 180221b xxu||||| |||| 00| 0 spa d
020 _a9510140790X
040 _cPJ
100 _aPiombo, Horacio Daniel
_9636
245 1 0 _aTeorĂ­a general y derecho de los tratados interjurisdiccionales internos :
_bsu desenvolvimiento en la estructura institucional argentina /
_cHoracio Daniel Piombo.
260 _aBuenos Aires :
_bDepalma,
_c1994.
300 _axxv, 496 p.
_c23 cm.
650 0 _9495
_aDERECHO INTERNACIONAL
650 0 _9178
_aDERECHO CONSTITUCIONAL
650 0 _9604
_aTRATADOS INTERNACIONALES
942 _2udc
_cLIB
_h341.24
_iPIO
999 _c517
_d517